Największe miasta w Stanach Zjednoczonych zawierające literę - Statystyki

Ogólne statystyki
  • Ten quiz został rozwiązany 354 razy
  • Średni wynik to 18 z 26
Statystyki odpowiedzi
Litera Miasto % Poprawnych
J Nowy Jork
98%
K Nowy Jork
98%
N Nowy Jork
98%
O Nowy Jork
98%
R Nowy Jork
98%
W Nowy Jork
98%
Y Nowy Jork
98%
A Los Angeles
94%
E Los Angeles
94%
G Los Angeles
94%
L Los Angeles
94%
S Los Angeles
94%
C Chicago
83%
H Chicago
83%
I Chicago
83%
Z Waszyngton
77%
D Filadelfia
55%
F Filadelfia
55%
T Houston
54%
U Houston
54%
P Phoenix
44%
X Phoenix
44%
V Jacksonville
18%
Q Albuquerque
13%
B Columbus
10%
M Columbus
10%
Nie znaleziono quizów pasujących do podanych kryteriów
Rozkład punktacji
Procent ludzi z każdym wynikiem
Percentyl według liczby udzielonych odpowiedzi
Twoja historia wyników
Nie rozwiązałeś tego quizu